Organizaciones no gubernamentales con acciones en salud y ambiente

Gespeichert in:
Bibliographische Detailangaben
Körperschaft: OMS. OPS. Programa Medio Ambiente y Salud en el Istmo Centroamericano. Programa de Salud Ambiental
Format: Text
Veröffentlicht: San José: OMS
Tags: Tag hinzufügen
Keine Tags, Fügen Sie den ersten Tag hinzu!

MARC

LEADER 00000 a a2200000 04500
001 22389
003
040
090 |a 152600  
110 |a OMS. OPS. Programa Medio Ambiente y Salud en el Istmo Centroamericano. Programa de Salud Ambiental  
245 |a Organizaciones no gubernamentales con acciones en salud y ambiente  
260 |a San José:   |b OMS  
300 |a 251 p   |b **no definido**   |b fonodiscos  
999 |c 5626  |d 5626